书目信息 |
| 题名: |
天光云影
|
|
| 作者: | 宗白华 著 | |
| 分册: | ||
| 出版信息: | 北京 北京大学出版社 2005 |
|
| 页数: | 279页 | |
| 开本: | 23cm | |
| 丛书名: | 美学散步丛书 | |
| 单 册: | ||
| 中图分类: | B83-53 | |
| 科图分类: | ||
| 主题词: | 美学--中国--文集 | |
| 电子资源: | ||
| ISBN: | 7-301-08181-2 | |
| 000 | 00854oam2 2200265 450 | |
| 001 | 0900000023604 | |
| 005 | 20051129143111.90 | |
| 010 | @a7-301-08181-2@dCNY30.00 | |
| 092 | @aCN | |
| 100 | @a20050223d2005 ekmy0chiy0120 ea | |
| 101 | 0 | @achi |
| 102 | @aCN@b110000 | |
| 105 | @aa z 000yy | |
| 200 | 1 | @a天光云影@9tian guang yun ying@f宗白华著@Fzong bai hua zhu |
| 210 | @a北京@c北京大学出版社@d2005 | |
| 215 | @a279页@c图@d23cm | |
| 225 | 2 | @a美学散步丛书 |
| 330 | @a本书主要内容包括:美从何处寻;我和诗;艺术生活与同情;艺术与中国社会;中国文化的美丽精神往哪里去;唐人诗歌中所表现的民族精神;论《世说新语》和晋人的美等。 | |
| 461 | 0 | @12001 @a美学散步丛书 |
| 606 | 0 | @a美学@y中国@j文集 |
| 690 | @aB83-53@v4 | |
| 701 | 0 | @a宗白华@Azong bai hua@4著 |
| 801 | 0 | @aCN@bCXYBOOK@c20051129 |
| 905 | @a10447@dB83-53@e196 | |
| 999 | @aZXL@eJDD | |
| 天光云影/宗白华著.-北京:北京大学出版社,2005 |
| 279页:图;23cm.-(美学散步丛书) |
| ISBN 7-301-08181-2:CNY30.00 |
| 本书主要内容包括:美从何处寻;我和诗;艺术生活与同情;艺术与中国社会;中国文化的美丽精神往哪里去;唐人诗歌中所表现的民族精神;论《世说新语》和晋人的美等。 |
| ● |
| 相关链接 |
|
|
|
|
正题名:天光云影
索取号:B83-53/196
 
预约/预借
| 序号 | 登录号 | 条形码 | 馆藏地/架位号 | 状态 | 备注 |
| 1 | 0369711 | 203697115 | 第一样本阅览室/ [索取号:B83-53/196] | 在馆 | |
| 2 | 0369712 | 203697124 | 第一借阅区/ [索取号:B83-53/196] | 在馆 | |
| 3 | 0369713 | 203697133 | 第一借阅区/ [索取号:B83-53/196] | 在馆 | |
| 4 | 0369714 | 203697142 | 第一借阅区/ [索取号:B83-53/196] | 在馆 | |
| 5 | 0369715 | 203697151 | 第一借阅区/ [索取号:B83-53/196] | 在馆 |